KOHA-Header-6

Finance of Foreign Trade and foreign Exchange (Record no. 2686)

000 -LEADER
fixed length control field 00413nam a2200169Ia 4500
003 - CONTROL NUMBER IDENTIFIER
control field OSt
005 - DATE AND TIME OF LATEST TRANSACTION
control field 20190914141342.0
008 - FIXED-LENGTH DATA ELEMENTS--GENERAL INFORMATION
fixed length control field 190902s9999||||xx |||||||||||||| ||und||
020 ## - INTERNATIONAL STANDARD BOOK NUMBER
International Standard Book Number 978-9694071688
040 ## - CATALOGING SOURCE
Transcribing agency maju
082 ## - DEWEY DECIMAL CLASSIFICATION NUMBER
Classification number 658.15
100 ## - MAIN ENTRY--PERSONAL NAME
Personal name Dr.Asrar H.Siddiqui
245 #0 - TITLE STATEMENT
Title Finance of Foreign Trade and foreign Exchange
260 ## - PUBLICATION, DISTRIBUTION, ETC. (IMPRINT)
Place of publication, distribution, etc Karachi
Name of publisher, distributor, etc Royal Book
Date of publication, distribution, etc 2009
300 ## - PHYSICAL DESCRIPTION
Extent 423
942 ## - ADDED ENTRY ELEMENTS (KOHA)
Koha item type Books
Source of classification or shelving scheme
Holdings
Withdrawn status Lost status Source of classification or shelving scheme Damaged status Not for loan Collection code Permanent Location Current Location Shelving location Date acquired Barcode Date last seen Price effective from Koha item type
          Banking MAJU MAJU Shelf No.A45 2019-09-02 6328 2019-09-02 2019-09-02 Banking

Powered by Koha